000 00650nam a2200169 a 4500
001 000031847
005 20240304144221.0
008 110706s1995 dr 000 0 spa d
040 _aDO-SdBNP
_bspa
_cBNPHU
100 1 _aCáceres Ureña, Francisco I.
_97695
245 1 0 _aEstado del conocimiento sobre la mortalidad materna en la República Dominicana /
_cFrancisco Cáceres Ureña.
260 _aSanto Domingo, :
_bInstituto de Estudios de Población y Desarrollo
_bFondo de población de las naciones unidas,
_c1995.
300 _a58 p. ;
_c29 cm.
490 1 _aMonográfica
_v07
500 _aTexto a dos columnas
830 0 _aMonográfica
_v07
_98347
999 _c31339
_d31339